| 000 | 00652nam a2200253Ia 4500 | ||
|---|---|---|---|
| 003 | OSt | ||
| 005 | 20221006155914.0 | ||
| 006 | a|||||r|||| 00| 0 | ||
| 007 | ta | ||
| 008 | 221006b |||||||| |||| 00| 0 chi d | ||
| 024 | _a43,800 | ||
| 037 | _cTextual | ||
| 040 |
_aEASL _cEASL _bchi |
||
| 041 |
_2chi _achi |
||
| 082 | _aP41:4k, 111K5 | ||
| 100 |
_aGuo Wangan _9670939 |
||
| 245 | 0 | _aHua-Ying-Te-Fa Tzu-tien | |
| 260 |
_aTaiwan _bTai bei Shangu Wu Yinshu Guan _c1965 |
||
| 300 |
_a424+7+32p. _ccm. |
||
| 490 | _v CL | ||
| 650 |
_aCL _9642733 |
||
| 942 |
_hP41:4k, 111K5 _cTEXL _2CC |
||
| 999 |
_c1111892 _d1111892 |
||